Vista normal Vista MARC

Entrada Materia (personas)

Número de registros utilizados en: 1

001 - CONTROL NUMBER

  • control field: 85624

003 - CONTROL NUMBER IDENTIFIER

  • control field: Co-BoUCM

005 - DATE AND TIME OF LATEST TRANSACTION

  • control field: 20170508102611.0

008 - FIXED-LENGTH DATA ELEMENTS

  • fixed length control field: 170508|| aca||aabn | a|a d

040 ## - CATALOGING SOURCE

  • Original cataloging agency: Co-BoUCM
  • Transcribing agency: Co-BoUCM

100 ## - HEADING--PERSONAL NAME

  • Personal name: Márquez Arbeláez, Hernando
  • Dates associated with a name: 1916-

670 ## - SOURCE DATA FOUND

  • Source citation: Work cat.: (Co-BoUCM)306543: Márquez Arbeláez, Hernando 1916-, San Bonifacio de Ibagué, 2016